000 00314nam a22001457a 4500
008 210312b ||||| |||| 00| 0 eng d
020 _a9780415894630
041 _aeng
080 _24th
_a34
082 _a34
100 _a14
101 _aJUR
245 _aMedia Law and Ethics
_cMoore, R. L
942 _2udc
_cBK
999 _c56494
_d56494